Sudden death- countries by size - Statistics

General Stats
  • This quiz has been taken 161 times
  • The average score is 5 of 8
Answers on the Grid
Answers color-coded by a green-red scale on the quiz's grid according to % correct below.
Canada
Egypt
Sri Lanka
Japan
Afghanistan
India
New zealand
Honduras
Peru
Kazakhstan
Uruguay
Australia
Brazil
Chad
Vatican City
Namibia
Vietnam
Algeria
Tunisia
Sudan
Mongolia
Norway
Finland
Argentina
suriname
Fiji
Belgium
Russia
France
Mexico
 
Answer Stats
Answer % Correct
Canada
98%
Brazil
81%
Russia
81%
Australia
75%
India
65%
Kazakhstan
57%
Algeria
40%
Argentina
32%
No matching quizzes found
Score Distribution
Percent of People with Each Score
Percentile by Number Answered
Your Score History
You have not taken this quiz